Cruzada en jeans

Gardado en:
Detalles Bibliográficos
Autor Principal: Beckman, Thea (Author)
Formato: Libro
Idioma:Lingua castelá
Publicado: Madrid SM 1995
Edición:17a. ed
Series:Gran Angular, 29
Subjects:
Tags: Engadir etiqueta
Sen Etiquetas, Sexa o primeiro en etiquetar este rexistro!

MARC

LEADER 00000nam a2200000 a 4500
001 UCH4264
003 CL-VaPUC
008 090818e19950000SP |||||||||||||||||spa|d
020 |a 8434811391 
082 0 4 |a 832  |b BEC  |2 21 
100 0 |a Beckman, Thea  |e author  |9 539731 
245 1 0 |a Cruzada en jeans 
250 |a 17a. ed 
300 |a 239 p 
942 |c BK 
945 |d 20090818 00:00:00  |a ccalabra 
260 |a Madrid  |b SM  |c 1995 
650 0 |a Literatura alemana   |9 265457 
650 0 |a Novelas alemanas   |9 265783 
650 0 |a Escritores  |9 313723 
650 0 |a Narrativa  |9 336727 
650 0 |a Ficción   |9 376687 
650 0 |a Lectura  |9 307634 
651 0 |a Alemania  |9 255688 
583 |a last modification  |c 20090818 00:00:00  |k Rodrigo Vera 
490 0 |a Gran Angular, 29 
999 |c 335598  |d 335596